00711nam a22001937a 4500999001900000005001700019010001500036020002600051035001400077037001300091082001100104100002400115245010000139260004500239270006200284300002500346942002500371952012100396 c192487d19248720220923115522.0 aENG-135197 a9780199468249c695.00 aEN-118729 bDBAD/PUB a297.72 aShiekh, Mona Kanwal aGuardians of god :bInside the religious mind of the pakistani taliban /cby Mona Kanwal Shiekh aNew DelhibOxford University Pressc2016 aYMCA Library Building, 1 Jai Singh Road, New Delhi-110001 axxiv,212pc23cm.(Hb) 2ddccENh297.72mSHE 001040708NFICaBNbBNd2022-09-23eDBAD/PUBg695.00l0o297.72 SHEpEN-118729r2022-09-23 00:00:00t1v695.00yEN